Alter architecture
Saved in:
| Institution som forfatter: | |
|---|---|
| Format: | Bog |
| Sprog: | fransk engelsk |
| Udgivet: |
Bruselas
Archives d'Architecture Moderne
2005
|
| Fag: | |
| Tags: |
Tilføj Tag
Ingen Tags, Vær først til at tagge denne postø!
|
MARC
| LEADER | 00000nam a2200000 a 4500 | ||
|---|---|---|---|
| 001 | UCI8236 | ||
| 003 | CL-VaPUC | ||
| 008 | 080821e20050000BE |||||||||||||||||fre|d | ||
| 020 | |a 2871431655 | ||
| 041 | 0 | 7 | |a fre |2 CL-VaPUC |
| 041 | 0 | 7 | |a eng |2 CL-VaPUC |
| 082 | 0 | 4 | |a 720 |b FON |2 21 |
| 110 | 2 | |a Fondation Philippe Rotthier pour L'Architecture |e author |9 531766 | |
| 245 | 1 | 0 | |a Alter architecture |
| 300 | |a 174 p | ||
| 942 | |c BK | ||
| 945 | |d 20080821 00:00:00 |a rbrito | ||
| 260 | |a Bruselas |b Archives d'Architecture Moderne |c 2005 | ||
| 650 | 0 | |a Arquitectura europea |y Siglo 20 |9 531767 | |
| 650 | 0 | |a Construcción |9 260195 | |
| 650 | 7 | |a RESTAURACION |2 CL-VaPUC |9 411453 | |
| 650 | 0 | |a Renovación urbana |9 256385 | |
| 651 | 0 | |a Europa |9 255156 | |
| 583 | |a last modification |c 20080821 00:00:00 |k Rodrigo Vera | ||
| 999 | |c 331254 |d 331252 | ||
| 952 | |0 0 |1 0 |4 0 |6 720_000000000000000_FON_2005 |7 0 |8 A |9 417547 |a BIBARQ |b BIBARQ |d 2019-11-22 |i 4473310 |o 720 FON 2005 |p 4473310 |r 2025-01-20 |w 2019-11-22 |y BK |k ARQ | ||